00406nam a2200133 a 450000100100000000500170001000800410002702000150006804000250008324500410010824600420014926000450019130000360023600004390920201002045036.0140508s1994 sp ac 000 0 spa d a8477990980 aDO-SdBNPbspacBNPHU00a10 Años del instituto de la mujer.11aDiez años del instituto de la mujer aMadrid, :bInstituto de la Mujer,c1994. a175 p. :bil., retrs. ;c24 cm.